[Event "AUTO-ELITE-597"]
[Site "http://www.queenalice.com/game.php?id=813716"]
[Date "2010.8.5"]
[Round "1"]
[White "Datalcar"]
[Black "pensalo"]
[Result "1-0"]
[WhiteElo "2412"]
[BlackElo "2259"]

1. d4 Nf6 2. c4 d6 3. Nc3 g6 4. e4 Bg7 5. f3 O-O 6. Be3 e5 7. d5 Nh5 8. Qd2 f5
9. O-O-O f4 10. Bf2 Nd7 11. g4 Nhf6 12. h4 Qe7 13. h5 g5 14. h6 Bh8 15. Kb1 a6
16. Nge2 Rb8 17. Nc1 Rf7 18. Nd3 Rf8 19. Be2 Rf7 20. Qc2 c5 21. Qb3 b5 22. cxb5
axb5 23. Nxb5 Ba6 24. Nc1 Qd8 25. a4 Nb6 26. Na2 Rfb7 27. Nac3 Ne8 28. Bf1 Ra8
29. Kc2 Nxa4 30. Nxa4 Bxb5 31. Bxb5 Rab8 32. Qc4 Rxb5 33. Be1 Nc7 34. Rb1 Qe8
35. Nc3 Rb4 36. Qe2 1-0

[Event "AUTO-ELITE-597"]
[Site "http://www.queenalice.com/game.php?id=813717"]
[Date "2010.8.5"]
[Round "1"]
[White "pensalo"]
[Black "Datalcar"]
[Result "0-1"]
[WhiteElo "2252"]
[BlackElo "2417"]

1. e4 c5 2. Nf3 Nc6 3. d4 cxd4 4. Nxd4 e6 5. Nb5 Nf6 6. Bg5 a6 7. Bxf6 gxf6 8.
Nd6+ Ke7 9. g3 Qc7 10. Nc4 f5 11. exf5 d5 12. Ne3 d4 13. Nc4 b5 14. Ncd2 Qe5+
15. Be2 d3 16. cxd3 Qxb2 17. Nb3 Nd4 18. Bf3 Nc2+ 19. Kf1 Nxa1 20. Bxa8 Nxb3 21.
axb3 exf5 22. Kg2 Kf6 23. d4 Bb4 24. Qf3 Qxd4 25. Rd1 Qe5 26. Rd5 Qb8 27. Rd4
Be6 28. Bd5 Qe5 29. Bxe6 Qxd4 30. Qxf5+ Ke7 31. Qxf7+ Kd8 32. Qb7 Bc5 33. Kh3 h5
34. Bd5 Qg4+ 0-1

[Event "AUTO-ELITE-597"]
[Site "http://www.queenalice.com/game.php?id=813722"]
[Date "2010.8.5"]
[Round "1"]
[White "jotu"]
[Black "pensalo"]
[Result "1-0"]
[WhiteElo "2276"]
[BlackElo "2311"]

1. e4 e6 2. d4 d5 3. Nc3 Bb4 4. e5 Ne7 5. a3 Bxc3+ 6. bxc3 c5 7. Qg4 Ng6 8. h4
h5 9. Qg3 Nc6 10. Bd3 Nce7 11. dxc5 Qc7 12. Nf3 Qxc5 13. Bd2 Nf5 14. Bxf5 exf5
15. O-O O-O 16. Qg5 Qc4 17. Qxh5 Re8 18. Rfe1 Qa4 19. g3 Qg4 20. Qxg4 fxg4 21.
h5 gxf3 22. hxg6 Bf5 23. gxf7+ Kxf7 24. Rab1 b6 25. Rb4 Ke6 26. Rf4 Rh8 27. c4
dxc4 28. Rxc4 Rac8 29. Rxc8 Rxc8 30. c3 Rd8 31. Be3 Bh3 32. Bg5 Rc8 33. Rd1 1-0

[Event "AUTO-ELITE-597"]
[Site "http://www.queenalice.com/game.php?id=813723"]
[Date "2010.8.5"]
[Round "1"]
[White "pensalo"]
[Black "jotu"]
[Result "0-1"]
[WhiteElo "2298"]
[BlackElo "2289"]

1. e4 c5 2. Nf3 d6 3. d4 cxd4 4. Nxd4 Nf6 5. Nc3 a6 6. Be2 e5 7. Nf3 Be7 8. O-O
h6 9. h3 O-O 10. Be3 Be6 11. a4 Nbd7 12. a5 Qc7 13. Bd3 Nc5 14. Nd2 Nxd3 15.
cxd3 d5 16. exd5 Nxd5 17. Nxd5 Bxd5 18. Nc4 Bxc4 19. Bb6 Qc6 20. Rc1 Qb5 21.
dxc4 Qxb2 22. Qd5 Bd8 23. Rb1 Qc2 24. Bc5 Re8 25. Rxb7 Qg6 26. Rxf7 Qxf7 27.
Qxa8 Qxc4 28. Bb6 Qd3 29. Rc1 Rf8 30. Rc8 Be7 31. Rxf8+ Bxf8 32. Bc5 Qb1+ 33.
Kh2 Qf5 34. Qxa6 Bxc5 35. Qc4+ Qf7 0-1

[Event "QA-ANNIV-05"]
[Site "http://www.queenalice.com/game.php?id=841321"]
[Date "2010.10.3"]
[Round "6"]
[White "pensalo"]
[Black "sergio_damian"]
[Result "1-0"]
[WhiteElo "2304"]
[BlackElo "1842"]

1. e4 e5 2. Nf3 d6 3. d4 exd4 4. Nxd4 Nf6 5. Nc3 Bd7 6. Bg5 Be7 7. Be2 h6 8. Be3
Nc6 9. Nf5 O-O 10. O-O Qc8 11. Nxe7+ Nxe7 12. f3 a6 13. a4 Nc6 14. Nd5 Qd8 15.
c4 Ne5 16. f4 Nc6 17. e5 dxe5 18. Nxf6+ gxf6 19. fxe5 fxe5 20. Bxh6 Nd4 21. Ra3
Qh4 22. Rg3+ Kh8 23. Bg7+ Kh7 24. Bf6 Nxe2+ 25. Qxe2 1-0

[Event "AUTO-ELITE-643"]
[Site "http://www.queenalice.com/game.php?id=848659"]
[Date "2010.10.20"]
[Round "1"]
[White "pensalo"]
[Black "trill"]
[Result "0-1"]
[WhiteElo "2282"]
[BlackElo "2564"]

1. e4 c6 2. d4 d5 3. Nc3 dxe4 4. Nxe4 Bf5 5. Ng3 Bg6 6. h4 h6 7. h5 Bh7 8. Nf3
Nd7 9. Bd3 Bxd3 10. Qxd3 e6 11. Bd2 Ngf6 12. O-O-O Be7 13. Kb1 O-O 14. Ne4 Nxe4
15. Qxe4 Nf6 16. Qe2 Qd5 17. Qe5 Rfd8 18. Qxd5 Rxd5 19. c4 Rxh5 20. Rxh5 Nxh5
21. Kc2 Nf6 22. Ne5 Ne4 23. Be3 h5 24. Kd3 Nd6 25. Rh1 g6 26. g4 hxg4 27. Nxg4
Nf5 28. Bf4 Kg7 29. Ne3 Rd8 30. Nxf5+ exf5 31. Bh6+ Kf6 32. Bf4 g5 33. Bc7 Rc8
34. Be5+ Kg6 35. Rg1 f6 36. Bg3 Rd8 37. Kc3 Kf7 38. f3 Rh8 39. Bc7 f4 40. a4 Rc8
41. Ba5 b6 0-1

[Event "AUTO-ELITE-643"]
[Site "http://www.queenalice.com/game.php?id=848660"]
[Date "2010.10.20"]
[Round "1"]
[White "trill"]
[Black "pensalo"]
[Result "1-0"]
[WhiteElo "2562"]
[BlackElo "2286"]

1. c4 Nf6 2. g3 d5 3. cxd5 Nxd5 4. Bg2 e6 5. Nf3 Nc6 6. d4 Bb4+ 7. Bd2 O-O 8.
Bxb4 Ncxb4 9. O-O Bd7 10. Nc3 c6 11. Qb3 Rb8 12. Nd1 a5 13. a3 Na6 14. Rc1 c5
15. Ne3 a4 16. Qd3 Nxe3 17. Qxe3 cxd4 18. Qxd4 Bc6 19. Qe3 Qf6 20. Ne5 Bxg2 21.
Kxg2 Rbd8 22. Rfd1 Qe7 23. Rd4 f6 24. Nd3 Rxd4 25. Qxd4 Qe8 26. Rc4 Rf7 27. Rxa4
e5 28. Qe4 f5 29. Qh4 h6 30. Ra5 e4 31. Nf4 Nc7 32. Qh5 e3 33. f3 b5 34. Qg6 Qe5
35. Ra7 Qxb2 36. Rb7 Qf6 37. Qxf6 gxf6 38. Rb6 Kg7 39. Kh3 1-0

[Event "AUTO-ELITE-643"]
[Site "http://www.queenalice.com/game.php?id=848661"]
[Date "2010.10.20"]
[Round "1"]
[White "pensalo"]
[Black "jrafaelcc"]
[Result "1-0"]
[WhiteElo "2341"]
[BlackElo "2194"]

1. e4 c5 2. Nf3 d6 3. d4 cxd4 4. Nxd4 Nf6 5. Nc3 a6 6. Be2 e5 7. Nf3 Be6 8. O-O
Be7 9. h3 b5 10. a3 Nbd7 11. Bg5 O-O 12. Bd3 h6 13. Bh4 Rc8 14. Nd2 d5 15. exd5
Nxd5 16. Bxe7 Qxe7 17. Nxd5 Bxd5 18. Re1 f5 19. a4 Qg5 20. Bf1 Rf6 21. axb5 axb5
22. Nf3 Bxf3 23. Qxf3 e4 24. Qb3+ Kh7 25. Qxb5 Nc5 26. Ra3 Ne6 27. c3 Nf4 28.
Re3 Nh5 29. c4 Qg6 30. c5 f4 31. Rxe4 1-0

[Event "AUTO-ELITE-643"]
[Site "http://www.queenalice.com/game.php?id=848662"]
[Date "2010.10.20"]
[Round "1"]
[White "jrafaelcc"]
[Black "pensalo"]
[Result "0-1"]
[WhiteElo "2194"]
[BlackElo "2333"]

1. e4 e6 2. d4 d5 3. Nd2 Nf6 4. e5 Nfd7 5. Bd3 c5 6. c3 Nc6 7. Ne2 Be7 8. O-O
O-O 9. f4 Qb6 10. Nf3 cxd4 11. cxd4 f5 12. a3 Na5 13. b4 Nc6 14. Be3 a6 15. Qe1
Qd8 16. Kh1 Nb6 17. Rc1 Bd7 18. Neg1 Na7 19. Nh3 Nb5 20. Bxb5 Bxb5 21. Rg1 Nc4
22. Nhg5 Qb6 23. g4 h6 24. Nh3 Nxa3 25. gxf5 exf5 26. Nh4 Bd3 27. Rg6 Bxh4 28.
Rxb6 Bxe1 29. Rxe1 Nc2 0-1

[Event "CesarLMarques"]
[Site "http://www.queenalice.com/game.php?id=852692"]
[Date "2010.10.31"]
[Round "5"]
[White "kasker"]
[Black "pensalo"]
[Result "1-0"]
[WhiteElo "2487"]
[BlackElo "2222"]

1. e4 e6 2. d4 d5 3. Nc3 Bb4 4. e5 Ne7 5. a3 Bxc3+ 6. bxc3 c5 7. Qg4 Ng6 8. Bd3
Qh4 9. Qxh4 Nxh4 10. g3 Ng6 11. h4 c4 12. Be2 Nc6 13. h5 Nge7 14. h6 g6 15. Bg5
Bd7 16. Nf3 Ng8 17. Nh2 Nce7 18. a4 a5 19. O-O Nf5 20. Ng4 Bc6 21. Bf3 Kd7 22.
Rfb1 Rb8 23. Ra2 Kc7 24. Kh2 Kd7 25. Bg2 Kc7 26. Raa1 Kd7 27. Bc1 b6 28. Bg5 Ke8
29. Kg1 Rb7 30. Kf1 Kd7 31. Ke2 Kc8 32. Kd2 Kc7 33. Rh1 Kc8 34. Ne3 Nxe3 35.
Kxe3 Kd7 36. g4 Ne7 37. Rhb1 Ra8 38. f4 b5 39. axb5 Bxb5 40. Ra4 Kc6 41. Ra2 Ng8
42. f5 gxf5 43. gxf5 exf5 44. Kf4 1-0

[Event "AUTO-ELITE-478"]
[Site "http://www.queenalice.com/game.php?id=858434"]
[Date "2010.11.13"]
[Round "2"]
[White "pensalo"]
[Black "Pollyanna"]
[Result "0-1"]
[WhiteElo "2269"]
[BlackElo "2488"]

1. e4 c6 2. d4 d5 3. Nc3 dxe4 4. Nxe4 Nd7 5. Bd3 Ngf6 6. Nf3 Nxe4 7. Bxe4 Nf6 8.
Bd3 Bg4 9. c3 e6 10. h3 Bh5 11. Bg5 Qb6 12. Bxf6 gxf6 13. O-O Rg8 14. Bxh7 Rg7
15. Bd3 O-O-O 16. Be2 Bd6 17. b4 Rh8 18. Kh1 Bxf3 19. Bxf3 Bb8 20. Be2 Qd8 21.
c4 Qg8 22. Rg1 Rg3 23. Bh5 Qg5 24. Qe1 Ra3 25. Qc1 Qxc1 26. Rgxc1 Rxh5 27. Rc2
Rd3 28. b5 Rxd4 29. bxc6 b6 0-1

[Event "AUTO-ELITE-478"]
[Site "http://www.queenalice.com/game.php?id=858435"]
[Date "2010.11.13"]
[Round "2"]
[White "Pollyanna"]
[Black "pensalo"]
[Result "1-0"]
[WhiteElo "2492"]
[BlackElo "2264"]

1. Nf3 d5 2. d4 Nf6 3. c4 c6 4. Nc3 e6 5. Qb3 Be7 6. Bg5 O-O 7. e3 Nbd7 8. Bd3
dxc4 9. Qxc4 Nd5 10. Bxe7 Qxe7 11. O-O N7b6 12. Qb3 f5 13. Rac1 Kh8 14. Be2 Nd7
15. Rfe1 Rb8 16. Qc2 Nb4 17. Qb1 Nd5 18. Nxd5 exd5 19. b4 a6 20. a4 Rf6 21. b5
axb5 22. axb5 c5 23. dxc5 Nxc5 24. Red1 b6 25. Nd4 Bd7 26. Bf3 Ne4 27. Nc6 Bxc6
28. bxc6 Qe5 29. Bxe4 1-0

[Event "QA-ANNIV-06"]
[Site "http://www.queenalice.com/game.php?id=885065"]
[Date "2011.1.12"]
[Round "3"]
[White "pensalo"]
[Black "Pedro666"]
[Result "1/2-1/2"]
[WhiteElo "2333"]
[BlackElo "2346"]

1. e4 Nf6 2. Nc3 d5 3. exd5 Nxd5 4. Bc4 e6 5. Nf3 Be7 6. O-O O-O 7. a3 Nxc3 8.
dxc3 Qxd1 9. Rxd1 Nd7 10. Be3 b6 11. Rd2 Nf6 12. Ne5 Bd6 13. Nd3 Bb7 14. f3 Nd5
15. Bf2 Rfd8 16. Rad1 Kf8 17. Bxd5 Bxd5 18. Nb4 Bb7 19. Nd3 1/2-1/2

[Event "AUTO-ELITE-727"]
[Site "http://www.queenalice.com/game.php?id=909068"]
[Date "2011.3.5"]
[Round "1"]
[White "pensalo"]
[Black "Catalin"]
[Result "0-1"]
[WhiteElo "2233"]
[BlackElo "2268"]

1. e4 e5 2. Nf3 Nc6 3. Bb5 d6 4. d4 Bd7 5. d5 Nce7 6. Bxd7+ Qxd7 7. Nc3 f5 8.
O-O Nf6 9. Ng5 h6 10. Ne6 fxe4 0-1

[Event "AUTO-ELITE-727"]
[Site "http://www.queenalice.com/game.php?id=909069"]
[Date "2011.3.5"]
[Round "1"]
[White "Catalin"]
[Black "pensalo"]
[Result "1-0"]
[WhiteElo "2256"]
[BlackElo "2245"]

1. e4 e6 2. d4 d5 3. Nc3 Bb4 4. e5 Ne7 5. Bd2 c5 6. Nb5 Bxd2+ 7. Qxd2 O-O 8.
dxc5 Nbc6 9. f4 a6 10. Nd6 Nf5 11. O-O-O 1-0